Các nguyên tắc quản trị hiện đại trong nền kinh tế toàn cầu nguyên tắc và thực hành

Сохранить в:
Библиографические подробности
Главный автор: Dương, Hữu Hạnh
Формат:
Язык:Vietnamese
Опубликовано: Đồng Nai Giao thông Vận tải 2009
Предметы:
Метки: Добавить метку
Нет меток, Требуется 1-ая метка записи!
Thư viện lưu trữ: Trung tâm Học liệu Lê Vũ Hùng, Trường Đại học Đồng Tháp
LEADER 01138pam a22003258a 4500
001 00032328
005 20171026081025.0
008 140811s2009 ||||||viesd
020 |c 154000 
041 0 # |a vie 
082 1 4 |a 658.4  |b C101NG 
100 1 # |a Dương, Hữu Hạnh 
245 1 0 |a Các nguyên tắc quản trị hiện đại trong nền kinh tế toàn cầu  |c Dương Hữu Hạnh  |b nguyên tắc và thực hành 
246 0 1 |a Contemporary management principles in the global economy : Principles and practice 
260 # # |a Đồng Nai  |b Giao thông Vận tải  |c 2009 
300 # # |a 852 tr.  |c 24 cm. 
653 # # |a Kinh tế toàn cầu 
653 # # |a Nguyên tắc 
653 # # |a Tổ chức 
653 # # |a Thực hành 
653 # # |a Quản trị học 
653 # # |a Nhân sự 
852 # # |j KD.0015972  |j KM.0017073  |j KM.0017072 
852 # # |b Kho đọc  |j KD.0015972 
852 # # |b Kho mượn  |j KM.0017072, KM.0017073 
910 |d 11/8/2014 
980 # # |a Trung tâm Học liệu Lê Vũ Hùng, Trường Đại học Đồng Tháp